01014nam a2200301 i 450000500170000000800410001702000180005804000350007604100080011110000370011924500760015625000220023226400260025430000250028033600270030533700330033233800280036549000370039353400270043060000540045765000390051165000430055065000260059365000230061965000260064270000330066808400110070120220317000337.0141031s2008 sp 0 sgs d s 0f spa d a9788420638966 aCO-BoRNBPbspacCO-BoRNBPerda1 heng1 aStendhal, Henry Beyled1783-184213aLa cartuja de ParmacStendhal ; traducción y notas de Consuelo Berges aPrimera edición 1aMadridbAlianzac2008 a610 páginasc18 cm atextobtxt2rdacontent asin mediaciónbn2rdamedia avolumenbnc2rdacarrier aEl libro de bolsillo Literatura tLa chartreuse de Parme14aStendhald1783-1842xCrítica e Interpretación14aNovela francesaySiglo XVIII2LEMB14aLiteratura francesaySiglo XVIII2LEMB14aMujeresvNovela2LEMB14aAmorvNovela2LEMB14aIntrigavNovela2LEMB1 aBerges, Consuelo,etraductor aN STE3